Damas chinas[juego] /

Guardado en:
Formato: Objeto Físico
Publicado: Argentina : Kipo's, 198?
Materias:
Etiquetas: Agregar Etiqueta
Sin Etiquetas, Sea el primero en etiquetar este registro!
LEADER 00745nrm a22001575g 4500
001 CEM.cems019114
008 130507b198?##################0###0#####d
005 20220829162017.0
003 CEMS
245 0 0 |a Damas chinas[juego] /  |c Kipo's Los Juegos Del Mundo. 
260 |a Argentina :  |b Kipo's,  |c 198? 
300 |a 1 juego (1 tablero, 15 p.eones naranja, 15 amarillo, 15 azul, 15 rojo, 10 lila, 10 verde) ; en caja 38 x 22 x 4 cm. + manual de instrucciones. 
500 |a Para 2 a 6 jugadores. A partir de 8 años y adultos. Objetivo: llevar tus peones al lado contrario del tablero o a la punta opuesta de la estrella. 
082 0 4 |a J794.2 
653 |a 1. juegos de estrategia tradicional e ingenio 
859 |a CEMS  |b BIB. CEMS - Ludoteca  |h J794.2  |i K628  |p 004.92  |t Ej.1